LEADER 01971nas 2200577- 450 001 996321948103316 005 20230123213018.0 011 $a2525-3468 035 $a(DE-599)ZDB2863183-3 035 $a(OCoLC)1014210782 035 $a(CKB)4100000000718828 035 $a(CONSER)--2018240240 035 $a(EXLCZ)994100000000718828 100 $a20171108a20169999 --- - 101 0 $apor 135 $aur|n||||||||| 181 $ctxt$2rdacontent 182 $cc$2rdamedia 183 $acr$2rdacarrier 200 00$aInformação em pauta 210 1$aFortaleza, CE :$cUniversidade Federal do Ceará, Departamento de Ciência da Informação :$cPrograma de Pós-Graduacão em Ciência da Informação,$d2016- 215 $a1 online resource 300 $aRefereed/Peer-reviewed 300 $aIssues have also thematic titles. 517 1 $aIP 606 $aInformation science$vPeriodicals 606 $aInformation science$zBrazil$vPeriodicals 606 $aLibrary science$vPeriodicals 606 $aLibrary science$zBrazil$vPeriodicals 606 $aArchives$vPeriodicals 606 $aArchives$zBrazil$vPeriodicals 606 $aArchives$2fast$3(OCoLC)fst00814030 606 $aInformation science$2fast$3(OCoLC)fst00972640 606 $aLibrary science$2fast$3(OCoLC)fst00997916 607 $aBrazil$2fast 608 $aPeriodicals.$2fast 615 0$aInformation science 615 0$aInformation science 615 0$aLibrary science 615 0$aLibrary science 615 0$aArchives 615 0$aArchives 615 7$aArchives. 615 7$aInformation science. 615 7$aLibrary science. 712 02$aUniversidade Federal do Ceará.$bDepartamento de Ciência da Informação, 712 02$aUniversidade Federal do Ceará.$bPrograma de Pós-Graduação em Ciência da Informação, 906 $aJOURNAL 912 $a996321948103316 996 $aInformação em pauta$91984502 997 $aUNISA LEADER 01412nam2-2200445---450- 001 990001137630203316 005 20060221091156.0 010 $a88-420-6698-2 035 $a000113763 035 $aUSA01000113763 035 $a(ALEPH)000113763USA01 035 $a000113763 100 $a20030326d2002----km-y0enga50------ba 101 0 $aita 102 $aIT 105 $aaf||z|||001yy 200 1 $aVercingetorige$fGiuseppe Zecchini 210 $aRoma [etc.]$cLaterza$d2002 215 $aV, 127 p.$d24 cm 225 2 $aBiblioteca essenziale Laterza$iStoria antica$v50 410 0$12001$aBiblioteca essenziale Laterza 600 1$aVercingetorige 676 $a936.402 700 1$aZECCHINI,$bGiuseppe$f<1952- >$0173880 801 0$aIT$bsalbc$cISBD$gISBD 912 $a990001137630203316 951 $aIX.4. Coll.1/ 7(X C Coll. 41 50)$b168268 L.M.$cX C$d00086300 959 $aBK 969 $aUMA 979 $aMARIA$b10$c20030326$lUSA01$h1222 979 $aPAOLA$b90$c20030918$lUSA01$h1211 979 $aPAOLA$b90$c20030918$lUSA01$h1213 979 $aPAOLA$b90$c20030918$lUSA01$h1219 979 $aPAOLA$b90$c20030918$lUSA01$h1221 979 $aALESSANDRA$b90$c20031002$lUSA01$h0959 979 $aPATRY$b90$c20040406$lUSA01$h1719 979 $aCOPAT5$b90$c20060221$lUSA01$h0911 979 $aANNAMARIA$b90$c20100920$lUSA01$h1247 996 $aVercingetorige$9980423 997 $aUNISA